Busan Gimhae (PUS) Airport Destinations - Statistics

General Stats
  • This quiz has been taken 38 times
  • The average score is 25 of 43
Answer Stats
Hint Answer % Correct
Air Busan, Jeju Air, Jin Air, Korean Air, T'way Air Seoul
97%
Air Busan, Jeju Air, Jin Air, Korean Air Tokyo
97%
Air China Beijing
94%
VietJet Air, Vietnam Airlines Hanoi
94%
Air Busan, Jeju Air, Jin Air, T'way Air Osaka
94%
Air Busan, China Airlines, Jeju Air, Jin Air, Korean Air, Tigerair Taiwan Taipei
94%
HK Express Hong Kong
91%
Air Busan, Jeju Air, Jin Air, Korean Air, Jeju
91%
Philippine Airlines Manila
91%
China Eastern Airlines, Korean Air, Shanghai Airlines Shanghai
91%
Jeju Air, Singapore Airlines Singapore
91%
VietJet Air, Vietnam Airlines Ho Chi Minh City
88%
Air Busan, Jin Air Sapporo
88%
Air Busan, Jeju Air, Jin Air Bangkok
85%
Air Busan, Jeju Air, Jin Air, Korean Air Fukuoka
85%
AirAsia X Kuala Lumpur
85%
Korean Air Nagoya
82%
Air Busan, Jeju Air, Jin Air, VietJet Air Da Nang
79%
Air Busan, Jeju Air, MIAT Mongolian Airlines Ulaanbaatar
70%
Air Busan Macau
61%
Air Busan Qingdao
61%
Air Busan Kaohsiung
58%
Air Busan Xi'an
58%
Air Busan, Jeju Air, Jin Air, Cebu
55%
China Southern Airlines Shenyang
52%
Jeju Air, Jin Air Guam
45%
Air Busan, Jin Air Kota Kinabalu
45%
Jin Air Naha
45%
Tigerair Taiwan Taichung
39%
Air Busan Chiang Mai
36%
Air Busan Haikou
36%
Air Busan, Jin Air, VietJet Air, Vietnam Airlines Nha Trang
36%
Jin Air Clark
33%
VietJet Air Phu Quoc
33%
T'way Air Vientiane
33%
Jeju Air Saipan
27%
Air Busan Sanya
24%
Air Busan Yanji
18%
Air Busan Matsuyama
15%
Air Busan, Jeju Air Tagbilaran
12%
VietJet Air Da Lat
9%
Air Busan, Jeju Air Zhangjiajie
9%
Air Busan Toyama
0%
No matching quizzes found
Score Distribution
Percent of People with Each Score
Percentile by Number Answered
Your Score History
You have not taken this quiz